[Event "Kstovo Chess Hopes op"]
[Site "Kstovo"]
[Date "2015.07.02"]
[Round "9"]
[White "Timoshenko, K."]
[Black "Kuzmin, Stepan"]
[Result "1/2-1/2"]
[WhiteElo "1529"]
[BlackElo "1414"]
[PlyCount "28"]
[EventDate "2015.06.24"]
[EventType "swiss"]
[EventRounds "9"]
[EventCountry "RUS"]
[SourceTitle "CBM 167 Extra"]
[Source "ChessBase"]
[SourceDate "2015.09.14"]
[SourceVersion "1"]
[SourceVersionDate "2015.09.14"]
[SourceQuality "1"]

1. c4 e5 2. Nc3 Nf6 3. e3 c6 4. Nge2 d5 5. cxd5 cxd5 6. d4 e4 7. Nf4 g5 8. Nh3 h6 9. Qa4+ Bd7 10. Bb5 Nc6 11. Qb3 Bb4 12. Bd2 Bxc3 13. Bxc3 a6 14. Bxc6 Bxc6 1/2-1/2

[Event "Kstovo Chess Hopes op"]
[Site "Kstovo"]
[Date "2015.06.27"]
[Round "4"]
[White "Kulik, Artur"]
[Black "Timoshenko, K."]
[Result "1-0"]
[WhiteElo "1735"]
[BlackElo "1529"]
[PlyCount "33"]
[EventDate "2015.06.24"]
[EventType "swiss"]
[EventRounds "9"]
[EventCountry "RUS"]
[SourceTitle "CBM 167 Extra"]
[Source "ChessBase"]
[SourceDate "2015.09.14"]
[SourceVersion "1"]
[SourceVersionDate "2015.09.14"]
[SourceQuality "1"]

1. d4 Nf6 2. Nf3 g6 3. g3 Bg7 4. Bg2 0-0 5. c4 d6 6. Nc3 e5 7. dxe5 dxe5 8. Qxd8 Rxd8 9. Nxe5 c6 10. Nf3 Be6 11. Nd2 Nbd7 12. 0-0 Ne5 13. c5 Nd5 14. Nxd5 cxd5 15. Rb1 Rac8 16. b4 Rc7 17. Nf3 1-0

[Event "Kstovo Kichigin Memorial op 5th"]
[Site "Kstovo"]
[Date "2015.01.21"]
[Round "6"]
[White "Hilova, Vlada"]
[Black "Timoshenko, K."]
[Result "1-0"]
[WhiteElo "1762"]
[BlackElo "2305"]
[PlyCount "47"]
[EventDate "2015.01.16"]
[EventType "swiss"]
[EventRounds "9"]
[EventCountry "RUS"]
[SourceTitle "CBM 164 Extra"]
[Source "ChessBase"]
[SourceDate "2015.03.02"]
[SourceVersion "1"]
[SourceVersionDate "2015.03.02"]
[SourceQuality "1"]

1. d4 d5 2. c4 e6 3. Nf3 Nf6 4. g3 c6 5. Nbd2 Be7 6. Bg2 0-0 7. 0-0 Nbd7 8. Qc2 a5 9. e4 dxe4 10. Nxe4 Nb6 11. Nxf6+ Bxf6 12. Rd1 Re8 13. Bf4 a4 14. Be5 Bxe5 15. dxe5 Qe7 16. Rd6 Bd7 17. Rad1 Red8 18. Qd3 Rac8 19. h4 Rc7 20. Ng5 g6 21. Ne4 Kg7 22. Nf6 Kh8 23. Qe3 Nd5 24. cxd5 1-0

[Event "Kstovo Kichigin Memorial op 5th"]
[Site "Kstovo"]
[Date "2015.01.20"]
[Round "5"]
[White "Timoshenko, K."]
[Black "Sorokin, Nikolay A"]
[Result "1/2-1/2"]
[WhiteElo "2305"]
[BlackElo "1699"]
[PlyCount "31"]
[EventDate "2015.01.16"]
[EventType "swiss"]
[EventRounds "9"]
[EventCountry "RUS"]
[SourceTitle "CBM 164 Extra"]
[Source "ChessBase"]
[SourceDate "2015.03.02"]
[SourceVersion "1"]
[SourceVersionDate "2015.03.02"]
[SourceQuality "1"]

1. d4 d5 2. c4 e6 3. Nc3 Nf6 4. Bg5 Nbd7 5. a3 c6 6. cxd5 exd5 7. Nf3 Qa5 8. Bd2 Qd8 9. Qc2 Be7 10. e4 dxe4 11. Nxe4 Nxe4 12. Qxe4 Nf6 13. Qc2 0-0 14. Be2 Bg4 15. Be3 Re8 16. 0-0 1/2-1/2

[Event "Nizhnij Novgorod-ch"]
[Site "Nizhnij Novgorod"]
[Date "2014.??.??"]
[Round "7"]
[White "Fedorenko, Viktor A"]
[Black "Timoshenko, K."]
[Result "1-0"]
[WhiteElo "1913"]
[BlackElo "1619"]
[PlyCount "33"]
[EventDate "2014.03.??"]
[EventType "swiss"]
[EventRounds "9"]
[EventCountry "RUS"]
[SourceTitle "EXT 2016"]
[Source "ChessBase"]
[SourceDate "2015.10.08"]
[SourceVersion "1"]
[SourceVersionDate "2015.10.08"]
[SourceQuality "1"]

1. e3 e6 2. f4 d5 3. c3 c5 4. Nf3 Nc6 5. d4 Qb6 6. b3 Nf6 7. Bd3 Be7 8. Bd2 0-0 9. 0-0 a6 10. Be1 Qc7 11. Nbd2 b5 12. Ne5 Bb7 13. g4 Bd6 14. g5 Ne8 15. Qh5 g6 16. Qh6 Ng7 17. Rf3 1-0

[Event "Nizhnij Novgorod-ch"]
[Site "Nizhnij Novgorod"]
[Date "2014.??.??"]
[Round "4"]
[White "Timoshenko, K."]
[Black "Kukushkin, Alexander"]
[Result "0-1"]
[WhiteElo "1619"]
[BlackElo "1456"]
[PlyCount "46"]
[EventDate "2014.03.??"]
[EventType "swiss"]
[EventRounds "9"]
[EventCountry "RUS"]
[SourceTitle "EXT 2016"]
[Source "ChessBase"]
[SourceDate "2015.10.08"]
[SourceVersion "1"]
[SourceVersionDate "2015.10.08"]
[SourceQuality "1"]

1. d4 d5 2. Nf3 e6 3. g3 Nf6 4. Bg2 Be7 5. 0-0 b6 6. c4 Bb7 7. cxd5 Nxd5 8. Nc3 0-0 9. Re1 c6 10. e4 Nf6 11. Bg5 Na6 12. h3 Rc8 13. Nh2 Ne8 14. Bxe7 Qxe7 15. Ng4 f5 16. Ne3 Nac7 17. f4 Kh8 18. d5 Rd8 19. Qb3 cxd5 20. exd5 Na6 21. Kh2 Nc5 22. Qc2 Qf7 23. dxe6 Qf6 0-1